Caught in the web / (Record no. 534950)

000 -LEADER
fixed length control field 01220cam a22003733a 4500
001 - CONTROL NUMBER
control field 13338795
003 - CONTROL NUMBER IDENTIFIER
control field NUST
005 - DATE AND TIME OF LATEST TRANSACTION
control field 20200824123716.0
008 - FIXED-LENGTH DATA ELEMENTS--GENERAL INFORMATION
fixed length control field 011002s2001 nyua c 000 1 eng d
010 ## - LIBRARY OF CONGRESS CONTROL NUMBER
LC control number 2003611048
020 ## - INTERNATIONAL STANDARD BOOK NUMBER
International Standard Book Number 0786815566 (pbk.) :
Terms of availability $4.99
035 ## - SYSTEM CONTROL NUMBER
System control number (OCoLC)ocm48067095
038 ## - RECORD CONTENT LICENSOR
Staff Name AZHAR
040 ## - CATALOGING SOURCE
Original cataloging agency EOW
Transcribing agency EOW
Modifying agency JED
-- LEO
-- DLC
042 ## - AUTHENTICATION CODE
Authentication code lccopycat
050 00 - LIBRARY OF CONGRESS CALL NUMBER
Classification number CPB Box no. 2054 vol. 21
082 ## - DEWEY DECIMAL CLASSIFICATION NUMBER
Classification number 813
Author Mark DOW
100 1# - MAIN ENTRY--PERSONAL NAME
Personal name Dower, Laura.
9 (RLIN) 29392
245 10 - TITLE STATEMENT
Title Caught in the web /
Statement of responsibility, etc. by Laura Dower.
250 ## - EDITION STATEMENT
Edition statement 1st ed.
260 ## - PUBLICATION, DISTRIBUTION, ETC.
Place of publication, distribution, etc. New York :
Name of publisher, distributor, etc. Volo :
-- Hyperion,
Date of publication, distribution, etc. c2001.
300 ## - PHYSICAL DESCRIPTION
Extent v. :
Other physical details ill. ;
Dimensions 20 cm.
490 1# - SERIES STATEMENT
Series statement From the files of Madison Finn ;
Volume/sequential designation #4
650 #0 - SUBJECT ADDED ENTRY--TOPICAL TERM
Topical term or geographic name entry element Teenagers
Form subdivision Juvenile fiction.
9 (RLIN) 29393
650 #0 - SUBJECT ADDED ENTRY--TOPICAL TERM
Topical term or geographic name entry element Halloween
Form subdivision Juvenile fiction.
9 (RLIN) 29394
650 #0 - SUBJECT ADDED ENTRY--TOPICAL TERM
Topical term or geographic name entry element Teenagers
Form subdivision Fiction.
9 (RLIN) 7638
650 #0 - SUBJECT ADDED ENTRY--TOPICAL TERM
Topical term or geographic name entry element Halloween
Form subdivision Fiction.
9 (RLIN) 29395
655 #7 - INDEX TERM--GENRE/FORM
Genre/form data or focus term Children's stories.
Source of term lcsh
9 (RLIN) 11963
710 2# - ADDED ENTRY--CORPORATE NAME
Corporate name or jurisdiction name as entry element Copyright Paperback Collection (Library of Congress)
Institution to which field applies DLC
9 (RLIN) 1743
800 1# - SERIES ADDED ENTRY--PERSONAL NAME
Personal name Dower, Laura.
Title of a work From the files of Madison Finn ;
Volume/sequential designation #4.
9 (RLIN) 29396
906 ## - LOCAL DATA ELEMENT F, LDF (RLIN)
a 7
b cbc
c copycat
d 2
e ncip
f 20
g y-genrareb
942 ## - ADDED ENTRY ELEMENTS (KOHA)
Source of classification or shelving scheme
Koha item type Book
Holdings
Withdrawn status Lost status Source of classification or shelving scheme Materials specified (bound volume or other part) Damaged status Not for loan Permanent Location Current Location Shelving location Date acquired Source of acquisition Total Checkouts Full call number Barcode Date last seen Date last checked out Price effective from Koha item type
      Donation     Central Library (CL) Central Library (CL) Fiction 08/24/2020 Donation 2 813 DOW CL-D-940 02/23/2025 01/22/2025 08/24/2020 Book
© 2023 Central Library, National University of Sciences and Technology. All Rights Reserved.